LEADER 01151nam 2200373 450 001 000006121 005 20050718115200.0 100 $a20001127d1980----km-y0itay0103----ba 101 0 $aita 102 $aIT 200 1 $aBiologia$fHelena Curtis 205 $a2. ed. italiana 210 $aBologna$cZanichelli$dc1980 215 $a899 p.$cill.$d27 cm. 304 $aTit. orig.: Biology 606 $aBiologia 676 $a574$v(20. ed.)$9Biologia 700 1$aCurtis,$bHelena$063680 801 0$aIT$bUniversità della Basilicata - B.I.A.$gRICA$2unimarc 912 $a000006121 996 $aBiology$915964 997 $aUNIBAS BAS $aMONAGR BAS $aMONOGR BAS $aAGRARIA CAT $aVALVANO$b01$c20001127$lBAS01$h1149 CAT $aTORRE$b20$c20020607$lBAS01$h1027 CAT $c20050601$lBAS01$h1753 CAT $abatch$b01$c20050718$lBAS01$h1049 CAT $c20050718$lBAS01$h1108 CAT $c20050718$lBAS01$h1138 CAT $c20050718$lBAS01$h1152 FMT Z30 -1$lBAS01$LBAS01$mBOOK$1BASA2$APolo Tecnico-Scientifico$2DID$BDidattica$3PTS.s1.p57.10$621239$5A21239$820001127$f04$FPrestabile Didattica